Mini Profiles: 20 European Cities Quiz Stats

 Plays Quiz Updated Jul 14, 2016

Challenge
Share
Tweet
Embed
Score 0/80 Timer 15:00
0 Plays Today
% Correct
Netherlands
97.3%
Greece
96.8%
Spain
95.3%
Germany
95.1%
Germany
95.1%
Ireland
92.2%
Denmark
91.6%
UK
91.4%
UK
91.4%
Hungary
90.8%
Italy
90.1%
Italy
90.1%
France
89.6%
Turkey
89.3%
Portugal
88.3%
Switzerland
88.1%
Sweden
87.6%
Russia
87.4%
Anne Frank
87.1%
Austria
86.8%
Czechia
84.7%
World War II
81.7%
Vatican City
80.9%
Louvre
78.9%
Cold War
76.2%
Great Fire of London
74.3%
1992
71.3%
Danube
71%
Romulus
69.7%
Gondolas
68.7%
Guinness
68.7%
Earthquake
68.5%
Constantin- ople
66.4%
Leningrad
65.8%
Sparta
65.2%
Rhine
63.3%
Sigmund Freud
63%
Le Monde
59.6%
Tower of London
59.1%
Underground Railway
58.2%
% Correct
Brandenburg Gate
57.9%
Jesse Owens
56.8%
The Little Mermaid
56.6%
Gothic
56.1%
Ajax
55.3%
Acropolis
47.8%
Baltic Sea
47.5%
Adriatic Sea
47.3%
OPEC
46%
Sagrada Família
45.2%
Easter Rising
44.7%
Hagia Sophia
42.6%
Tate Modern
42%
Amstel
40%
Camp Nou
39.7%
April
38.7%
Roland Garros
36.8%
Bosphorus
36.2%
CERN
33.6%
Rhône
31.8%
Firth of Forth
31.7%
Windows
30.3%
1912
29%
The Fringe
27.2%
The Hermitage
27%
Liffey
25%
Scandinavian
25%
Piraeus
22.3%
Zoo
20.4%
Lazio
20.3%
Murano
18.6%
Zealand
18%
Tagus
17.3%
Arthur's Seat
15.9%
1949
14.3%
Wenceslas Square
14.2%
Øresund Bridge
13%
Vltava
12.1%
Hotel Gellért
4.4%
Mälaren
3.7%

You're not logged in!

Compare scores with friends on all Sporcle quizzes.
OR
Log In

You Might Also Like...

Show Comments

Extras

Top Quizzes Today


Score Distribution

Your Account Isn't Verified!

In order to create a playlist on Sporcle, you need to verify the email address you used during registration. Go to your Sporcle Settings to finish the process.

Report this User

Report this user for behavior that violates our Community Guidelines.

Details: